<?xml version="1.0" encoding="UTF-8"?>
<record
    xmlns:xsi="http://www.w3.org/2001/XMLSchema-instance"
    xsi:schemaLocation="http://www.loc.gov/MARC21/slim http://www.loc.gov/standards/marcxml/schema/MARC21slim.xsd"
    xmlns="http://www.loc.gov/MARC21/slim">

  <leader>01366nam a22001577a 4500</leader>
  <datafield tag="999" ind1=" " ind2=" ">
    <subfield code="c">521589</subfield>
    <subfield code="d">521589</subfield>
  </datafield>
  <controlfield tag="008">230215b           ||||| |||| 00| 0 eng d</controlfield>
  <datafield tag="100" ind1=" " ind2=" ">
    <subfield code="a">Panda, R., Lahoti, S. and Prabhu, R.R. </subfield>
    <subfield code="9">37297</subfield>
  </datafield>
  <datafield tag="245" ind1=" " ind2=" ">
    <subfield code="a">Examining socio-economic inequalities in tobacco cessation in India: An analysis of the global adult tobacco survey 2</subfield>
  </datafield>
  <datafield tag="260" ind1=" " ind2=" ">
    <subfield code="a">Productivity </subfield>
  </datafield>
  <datafield tag="300" ind1=" " ind2=" ">
    <subfield code="a">62(4), Jan-Mar, 2022: p.355-367</subfield>
  </datafield>
  <datafield tag="520" ind1=" " ind2=" ">
    <subfield code="a">The aim of this study is to examine the socio-economic patterns of tobacco cessation among tobacco users (smokers as well as smokeless tobacco users). Data on tobacco users was derived from the Global Adult Tobacco Survey 2016-17 (GATS-2). Univariate and multivariate logistic regression was used to examine the association of socio-demographic variables with tobacco cessation outcomes. Tobacco users of lower socio-economic status were found to be less successful in quitting, compared with their counterparts of higher socio-economic. The inequalities identified suggest targeted interventions for particular groups of tobacco users. Decreases in morbidity and mortality attributable to tobacco will have long-term effects on productivity of the population. &#x2013; Reproduced </subfield>
  </datafield>
  <datafield tag="650" ind1=" " ind2=" ">
    <subfield code="a">Socio-economic inequalities, Tobacco cessation, lysis of the global adult tobacco survey</subfield>
    <subfield code="9">37298</subfield>
  </datafield>
  <datafield tag="773" ind1=" " ind2=" ">
    <subfield code="a">Productivity </subfield>
  </datafield>
  <datafield tag="906" ind1=" " ind2=" ">
    <subfield code="a">DRUG ABUSE</subfield>
  </datafield>
  <datafield tag="942" ind1=" " ind2=" ">
    <subfield code="c">AR</subfield>
  </datafield>
  <datafield tag="952" ind1=" " ind2=" ">
    <subfield code="0">0</subfield>
    <subfield code="1">0</subfield>
    <subfield code="2">ddc</subfield>
    <subfield code="4">0</subfield>
    <subfield code="7">0</subfield>
    <subfield code="9">395654</subfield>
    <subfield code="a">IIPA</subfield>
    <subfield code="b">IIPA</subfield>
    <subfield code="d">2023-02-15</subfield>
    <subfield code="h">62(4), Jan-Mar, 2022: p.355-367</subfield>
    <subfield code="p">AR127971</subfield>
    <subfield code="r">2023-02-15</subfield>
    <subfield code="y">AR</subfield>
  </datafield>
</record>
